| Tag |
First Indicator |
Second Indicator |
Subfields |
| LEADER |
00000cam a22000004a 4500 |
| 001 |
in00000002578 |
| 008 |
981216s1998 dcu b f100 0 eng |
| 005 |
20230309222531.9 |
| 010 |
|
|
|a 98224725
|
| 019 |
|
|
|a 40504696
|
| 035 |
|
|
|a (OCoLC)ocm41674144
|
| 035 |
|
|
|a (OCoLC)40504696
|
| 035 |
|
|
|9 AJD2008AM
|
| 035 |
|
|
|a in00000002578
|
| 040 |
|
|
|a DLC
|c DLC
|d GAO
|d GPO
|d DDQ
|d BTCTA
|d GPO
|d MvI
|d UtOrBLW
|
| 042 |
|
|
|a pcc
|
| 043 |
|
|
|a n-us-la
|
| 049 |
|
|
|a UDOC
|a WWW
|
| 050 |
0 |
0 |
|a HV889.L8
|b G73 1998
|
| 074 |
|
|
|a 1063-H
|
| 074 |
|
|
|a 1063-H (online)
|
| 086 |
0 |
|
|a Y 3.D 63/3:2 G 76
|
| 245 |
0 |
0 |
|a Grassroots experiences with government programs and disability policy :
|b proceedings from a public hearing in New Orleans, Louisiana.
|
| 264 |
|
1 |
|a Washington, D.C. (1331 F. St., NW, Suite 1050, Washington 20004) :
|b National Council on Disability,
|c [1998]
|
| 300 |
|
|
|a xix, 49 pages ;
|c 28 cm.
|
| 336 |
|
|
|a text
|b txt
|2 rdacontent
|
| 337 |
|
|
|a unmediated
|b n
|2 rdamedia
|
| 338 |
|
|
|a volume
|b nc
|2 rdacarrier
|
| 500 |
|
|
|a Cover title.
|
| 500 |
|
|
|a Shipping list number: 99-0066-P.
|
| 500 |
|
|
|a "October 1, 1998."
|
| 504 |
|
|
|a Includes bibliographical references (page 49).
|
| 505 |
0 |
|
|a Congressional mandate of the National Council on Disability -- Education -- Vocational rehabilitation -- Juvenile justice system -- Access to medical services -- Economic self-sufficiency/independent living -- Family/individual support -- Community participation.
|
| 530 |
|
|
|a Also available via Internet from the NCD web site. Address as of 1/05/1999: http://www.ncd.gov/publications/louisiana.html ; current access is available via PURL.
|
| 650 |
|
0 |
|a Children with disabilities
|x Government policy
|z Louisiana
|v Congresses.
|
| 650 |
|
0 |
|a Children with disabilities
|x Services for
|z Louisiana
|v Congresses.
|
| 650 |
|
0 |
|a Youth with disabilities
|x Government policy
|z Louisiana
|v Congresses.
|
| 650 |
|
0 |
|a Youth with disabilities
|x Services for
|z Louiaiana
|v Congresses.
|
| 650 |
|
0 |
|a Children of minorities
|z Louisiana
|v Congresses.
|
| 650 |
|
0 |
|a Minority youth
|z Louisiana
|v Congresses.
|
| 710 |
2 |
|
|a National Council on Disability (U.S.)
|
| 856 |
4 |
1 |
|u https://purl.fdlp.gov/GPO/LPS2168
|t 0
|
| 999 |
|
|
|a MARS
|
| 999 |
f |
f |
|i 160dd8c1-4590-3375-b4bc-24cea78da433
|s ae2c4d5e-a2f6-3198-88f2-cd88ff8a0106
|t 0
|
| 952 |
f |
f |
|a Texas A&M University
|b College Station
|c Electronic Resources
|d Available Online
|t 0
|e Y 3.D 63/3:2 G 76
|h Superintendent of Documents classification
|
| 998 |
f |
f |
|a Y 3.D 63/3:2 G 76
|t 0
|l Available Online
|